[Event "Crawley e2e4 Gatwick op U1650"]
[Site "Crawley"]
[Date "2016.05.30"]
[Round "7"]
[White "Grange, David A"]
[Black "Share, Stan Rs"]
[Result "1/2-1/2"]
[WhiteElo "1536"]
[BlackElo "1555"]
[PlyCount "56"]
[EventDate "2016.05.27"]
[EventType "swiss"]
[EventRounds "7"]
[EventCountry "ENG"]
[SourceTitle "EXT 2019"]
[Source "ChessBase"]
[SourceDate "2018.10.10"]
[SourceVersion "1"]
[SourceVersionDate "2018.10.10"]
[SourceQuality "1"]

1. e4 e5 2. Nf3 Nc6 3. d4 exd4 4. c3 dxc3 5. Bc4 Qe7 6. 0-0 Ne5 7. Nxe5 Qxe5 8. Nxc3 Nf6 9. Re1 Bb4 10. Bd2 0-0 11. a3 Bc5 12. h3 d6 13. Be3 Bd7 14. Bd3 Rad8 15. Rb1 Bc6 16. Qf3 Rfe8 17. Bf4 Qe7 18. Nd5 Bxd5 19. exd5 Qf8 20. Bg5 Rxe1+ 21. Rxe1 Re8 22. Rd1 Nxd5 23. Bxh7+ Kxh7 24. Rxd5 Re5 25. Rxe5 dxe5 26. Qf5+ Kg8 27. Qxe5 Bd6 28. Qd5 Qe8 1/2-1/2

[Event "London e2e4 Diamond Jubilee op-B"]
[Site "London"]
[Date "2012.06.02"]
[Round "1"]
[White "Roberts, Christine"]
[Black "Grange, David A"]
[Result "0-1"]
[WhiteElo "1310"]
[BlackElo "1678"]
[PlyCount "32"]
[EventDate "2012.06.02"]
[EventType "swiss"]
[EventRounds "7"]
[EventCountry "ENG"]
[SourceTitle "EXT 2014"]
[Source "ChessBase"]
[SourceDate "2013.11.20"]
[SourceVersion "1"]
[SourceVersionDate "2013.11.20"]
[SourceQuality "1"]

1. e4 e5 2. Nf3 Nc6 3. Bc4 Nf6 4. Ng5 Bc5 5. Nxf7 Bxf2+ 6. Kf1 Qe7 7. Nxh8 d5 8. exd5 Nd4 9. d3 Bg4 10. Qd2 Be2+ 11. Kxf2 Ng4+ 12. Kg1 Qf6 13. Qe1 Bf3 14. Qf1 Ne2+ 15. Qxe2 Bxe2 16. Nd2 Qf2# 0-1

[Event "Amersham e2e4 Major op"]
[Site "Amersham"]
[Date "2012.05.20"]
[Round "4"]
[White "Mumford, Robert"]
[Black "Grange, David A"]
[Result "0-1"]
[WhiteElo "1569"]
[BlackElo "1678"]
[PlyCount "96"]
[EventDate "2012.05.18"]
[EventType "swiss"]
[EventRounds "5"]
[EventCountry "ENG"]
[SourceTitle "EXT 2014"]
[Source "ChessBase"]
[SourceDate "2013.11.20"]
[SourceVersion "1"]
[SourceVersionDate "2013.11.20"]
[SourceQuality "1"]

1. e4 e5 2. Nf3 Nc6 3. Bb5 a6 4. Ba4 Nf6 5. Qe2 b5 6. Bb3 d6 7. c3 Be7 8. 0-0 0-0 9. h3 Na5 10. Bc2 c5 11. d4 Nc6 12. Rd1 Qc7 13. Be3 Nb8 14. d5 Rd8 15. Nbd2 Nbd7 16. Nf1 Nf8 17. Ng3 Ng6 18. b4 c4 19. a4 Qb7 20. a5 Bd7 21. Rd2 Qc8 22. Kh2 Re8 23. Rf1 Nf4 24. Bxf4 exf4 25. Nf5 Bf8 26. N3d4 g6 27. Nh4 Bh6 28. Qf3 Bg5 29. g3 Qd8 30. Re2 Qc8 31. Ree1 Bxh3 32. Rg1 Bg4 33. Qg2 fxg3+ 34. Qxg3 Bxh4 35. Qxh4 Kg7 36. f3 Bd7 37. Kg2 Re5 38. f4 Rh5 39. Qg3 Qd8 40. Bd1 Rh3 41. Qf2 Bg4 42. Bc2 Rxc3 43. f5 Nh5 44. fxg6 hxg6 45. Kf1 Qg5 46. Bd1 Bh3+ 47. Ke2 Ng3+ 48. Rxg3 Rxg3 0-1

[Event "Amersham e2e4 Major op"]
[Site "Amersham"]
[Date "2012.05.19"]
[Round "3"]
[White "Grange, David A"]
[Black "Gardner, Joan"]
[Result "1/2-1/2"]
[WhiteElo "1678"]
[BlackElo "1582"]
[PlyCount "137"]
[EventDate "2012.05.18"]
[EventType "swiss"]
[EventRounds "5"]
[EventCountry "ENG"]
[SourceTitle "EXT 2014"]
[Source "ChessBase"]
[SourceDate "2013.11.20"]
[SourceVersion "1"]
[SourceVersionDate "2013.11.20"]
[SourceQuality "1"]

1. e4 c6 2. d3 d5 3. Nd2 dxe4 4. dxe4 Nf6 5. Ngf3 Bg4 6. g3 e6 7. Bg2 Be7 8. 0-0 Nbd7 9. Re1 0-0 10. e5 Nd5 11. h3 Bh5 12. c3 Qc7 13. g4 Bg6 14. h4 h6 15. Nf1 Rad8 16. Qe2 Rfe8 17. h5 Bh7 18. g5 hxg5 19. Nxg5 Bxg5 20. Bxg5 f6 21. exf6 N5xf6 22. Ng3 Qa5 23. Bh4 g5 24. hxg6 Bxg6 25. Rad1 Bf7 26. b4 Qc7 27. Ne4 Qf4 28. Bg3 Qh6 29. Bf3 Nd5 30. Qd2 Qxd2 31. Rxd2 N7f6 32. Nxf6+ Nxf6 33. Rxd8 Rxd8 34. Rd1 Rxd1+ 35. Bxd1 Nd5 36. Be5 Kf8 37. a3 Ke7 38. Kg2 Kd7 39. Kg3 Ne7 40. Kg4 Bg6 41. Kg5 Bf5 42. Bh5 Nc8 43. Kf6 Nb6 44. Be2 Nd5+ 45. Kf7 Ne7 46. Bh5 Nc8 47. Kf8 a6 48. Be8+ Kd8 49. c4 Nb6 50. Bf6+ Kc7 51. c5 Nd7+ 52. Ke7 Nxf6 53. Kxf6 Kd8 54. Bf7 Kd7 55. Bh5 Be4 56. f3 Bd5 57. Bg4 Bc4 58. f4 Bd5 59. Ke5 Bb3 60. Be2 Bd5 61. a4 Bb3 62. b5 axb5 63. axb5 Bd5 64. bxc6+ bxc6 65. Bg4 Bb3 66. f5 exf5 67. Bxf5+ Ke7 68. Be4 Ba4 69. Bf5 1/2-1/2

[Event "Amersham e2e4 Major op"]
[Site "Amersham"]
[Date "2012.05.18"]
[Round "1"]
[White "Grange, David A"]
[Black "Subramaniam, Mani"]
[Result "1/2-1/2"]
[WhiteElo "1678"]
[BlackElo "1360"]
[PlyCount "68"]
[EventDate "2012.05.18"]
[EventType "swiss"]
[EventRounds "5"]
[EventCountry "ENG"]
[SourceTitle "EXT 2014"]
[Source "ChessBase"]
[SourceDate "2013.11.20"]
[SourceVersion "1"]
[SourceVersionDate "2013.11.20"]
[SourceQuality "1"]

1. e4 e5 2. Nf3 Nc6 3. d4 exd4 4. c3 d5 5. exd5 Qxd5 6. cxd4 Be6 7. Nc3 Bb4 8. Be2 Nf6 9. Be3 0-0 10. Qc2 Bf5 11. Qc1 a6 12. 0-0 Qd7 13. Rd1 Bxc3 14. bxc3 Nd5 15. c4 Nxe3 16. fxe3 Rfe8 17. Qc3 Qe7 18. Kf2 Qf6 19. Qb3 b6 20. Rac1 Re7 21. Rc3 Rae8 22. Re1 h6 23. Kg1 Rd8 24. Qa3 Ree8 25. Qc1 Re7 26. a3 Ree8 27. Bf1 Re7 28. d5 Ne5 29. e4 Bg6 30. Rce3 Rde8 31. h3 Qd6 32. Nh4 c5 33. Kh1 a5 34. Qc3 Bh7 1/2-1/2

[Event "Guernsey Holiday op"]
[Site "Guernsey"]
[Date "2010.10.19"]
[Round "3"]
[White "Grange, David A"]
[Black "Hoogakker, Peter"]
[Result "0-1"]
[WhiteElo "1648"]
[BlackElo "1800"]
[PlyCount "62"]
[EventDate "2010.10.17"]
[EventType "swiss"]
[EventRounds "7"]
[EventCountry "GCI"]
[SourceTitle "EXT 2013"]
[Source "ChessBase"]
[SourceDate "2012.11.22"]
[SourceVersion "1"]
[SourceVersionDate "2012.11.22"]
[SourceQuality "1"]

1. e4 e5 2. Nf3 d6 3. d4 Nf6 4. Nc3 Nbd7 5. Bc4 Be7 6. 0-0 c6 7. Bb3 Qc7 8. a3 h6 9. Re1 Nf8 10. h3 g5 11. dxe5 dxe5 12. Nh2 Ng6 13. Ng4 Nxg4 14. hxg4 Bd7 15. Be3 0-0-0 16. Bxf7 Nf4 17. Bxf4 gxf4 18. Qf3 Rh7 19. Bg6 Rg7 20. Bf5 Rdg8 21. Rad1 Bxf5 22. gxf5 Bc5 23. Rd2 Rg3 24. Qh5 Rxg2+ 25. Kf1 Qg7 26. Nd1 Rg1+ 27. Ke2 Rxe1+ 28. Kxe1 Qg2 29. f3 Qg1+ 30. Ke2 Rg2+ 31. Kd3 Qd4# 0-1

[Event "Guernsey Holiday op"]
[Site "Guernsey"]
[Date "2008.10.25"]
[Round "7"]
[White "Finch, J Russell"]
[Black "Grange, David A"]
[Result "1-0"]
[WhiteElo "1603"]
[BlackElo "1400"]
[PlyCount "43"]
[EventDate "2008.10.19"]
[EventType "swiss"]
[EventRounds "7"]
[EventCountry "GCI"]
[SourceTitle "EXT 2011"]
[Source "ChessBase"]
[SourceDate "2010.11.26"]
[SourceVersion "1"]
[SourceVersionDate "2010.11.26"]
[SourceQuality "1"]

1. d4 d5 2. e3 Nf6 3. Nf3 c6 4. Bd3 e6 5. 0-0 Nbd7 6. Nbd2 a6 7. c4 dxc4 8. Nxc4 c5 9. a4 b6 10. Qe2 Bb7 11. Nce5 Be7 12. Nxd7 Qxd7 13. dxc5 Bxc5 14. e4 0-0 15. e5 Nd5 16. Bxh7+ Kxh7 17. Ng5+ Kg6 18. Qg4 f5 19. Qg3 f4 20. Qg4 Rf5 21. Nxe6+ Rg5 22. Qxg5+ 1-0

[Event "Guernsey Holiday op"]
[Site "Guernsey"]
[Date "2008.10.24"]
[Round "6"]
[White "Dokter, Marike"]
[Black "Grange, David A"]
[Result "0-1"]
[WhiteElo "1539"]
[BlackElo "1400"]
[PlyCount "34"]
[EventDate "2008.10.19"]
[EventType "swiss"]
[EventRounds "7"]
[EventCountry "GCI"]
[SourceTitle "EXT 2011"]
[Source "ChessBase"]
[SourceDate "2010.11.26"]
[SourceVersion "1"]
[SourceVersionDate "2010.11.26"]
[SourceQuality "1"]

1. e4 e5 2. Nf3 Nc6 3. Bb5 a6 4. Ba4 Nf6 5. 0-0 Be7 6. Re1 b5 7. Bb3 0-0 8. c3 d5 9. exd5 e4 10. dxc6 exf3 11. Qxf3 Bg4 12. Qe3 Re8 13. d4 Bd6 14. Qd2 Bf4 15. Rxe8+ Qxe8 16. Qd3 Qe1+ 17. Qf1 Bxh2+ 0-1

[Event "Guernsey Holiday op"]
[Site "Guernsey"]
[Date "2008.10.23"]
[Round "5"]
[White "Grange, David A"]
[Black "Bennett, DW."]
[Result "1-0"]
[WhiteElo "1400"]
[BlackElo "1136"]
[PlyCount "59"]
[EventDate "2008.10.19"]
[EventType "swiss"]
[EventRounds "7"]
[EventCountry "GCI"]
[SourceTitle "EXT 2011"]
[Source "ChessBase"]
[SourceDate "2010.11.26"]
[SourceVersion "1"]
[SourceVersionDate "2010.11.26"]
[SourceQuality "1"]

1. e4 e6 2. d4 c5 3. Nf3 cxd4 4. Nxd4 Bc5 5. c3 e5 6. Nf3 d6 7. Bc4 Bg4 8. Nbd2 Nf6 9. Qb3 Qe7 10. 0-0 0-0 11. Qc2 Nc6 12. Re1 a6 13. a3 Rad8 14. h3 Bxf3 15. Nxf3 h6 16. Nh4 Qe8 17. Nf5 Kh7 18. Qe2 Ne7 19. Qf3 Ng6 20. Nxh6 d5 21. exd5 e4 22. Qf5 Qe5 23. Bg5 Qxf5 24. Nxf5 Rc8 25. Bb3 Rfe8 26. Bxf6 gxf6 27. d6 Red8 28. Rad1 Ne5 29. Rxe4 Kg6 30. Ne7+ 1-0

[Event "Guernsey Holiday op"]
[Site "Guernsey"]
[Date "2008.10.21"]
[Round "3"]
[White "Grange, David A"]
[Black "Timmerman, Peter"]
[Result "0-1"]
[WhiteElo "1400"]
[BlackElo "1598"]
[PlyCount "42"]
[EventDate "2008.10.19"]
[EventType "swiss"]
[EventRounds "7"]
[EventCountry "GCI"]
[SourceTitle "EXT 2011"]
[Source "ChessBase"]
[SourceDate "2010.11.26"]
[SourceVersion "1"]
[SourceVersionDate "2010.11.26"]
[SourceQuality "1"]

1. e4 e5 2. Nf3 Nc6 3. d4 exd4 4. c3 Nf6 5. e5 Nd5 6. cxd4 Bb4+ 7. Nbd2 d6 8. a3 Ba5 9. b4 Bb6 10. Nc4 Bg4 11. Nxb6 axb6 12. Bb2 0-0 13. Be2 Nf4 14. 0-0 Re8 15. Bb5 dxe5 16. Bxc6 e4 17. Bxe8 exf3 18. Bxf7+ Kxf7 19. g3 Ne2+ 20. Kh1 Qd5 21. Qd3 Bh3 0-1